000 00532nam a2200193Ia 4500
005 20250508152511.0
008 008 250505s9999 xx 000 0 eng d
037 _aTextual
040 _aFEDL
_beng
_cFEDL
041 _aeng
_2eng
084 _a370.1, FER
_qFEDL
100 _aFerm Elizabeth Byrne
_9761628
245 0 _aFreedom in education
260 _aNew York, USA
_bLear Publishers
_c1949
300 _a203p.
650 _aEducation - Philosophy
942 _cTEXL
_h370.1, FER
999 _c1336823
_d1336823